<?xml version="1.0" encoding="UTF-8"?>
<resp>
  <nextPage>https://data.bn.org.pl/api/networks/bibs.marcxml?marc=001+b0000640005241&amp;sinceId=640005242</nextPage>
  <collection>
    <record xmlns='http://www.loc.gov/MARC21/slim'><leader>01695nam a2200469 i 4500</leader><controlfield tag='001'>b0000640005241</controlfield><controlfield tag='005'>20250206054658.2</controlfield><controlfield tag='008'>170310s2012    pl a  a|||   |001 0 pol  </controlfield><controlfield tag='009'>9912861282105606</controlfield><datafield ind1=' ' ind2=' ' tag='020'><subfield code='a'>9788375220728</subfield></datafield><datafield ind1=' ' ind2=' ' tag='035'><subfield code='a'>RAD_1RAD_1_75359-48omnis_rad</subfield></datafield><datafield ind1=' ' ind2=' ' tag='035'><subfield code='a'>RAD_1_75359</subfield></datafield><datafield ind1=' ' ind2=' ' tag='035'><subfield code='a'>(PL)b0000640005241</subfield></datafield><datafield ind1=' ' ind2=' ' tag='040'><subfield code='a'>RADZYŃ 002</subfield><subfield code='c'>RADZYŃ 002</subfield><subfield code='d'>KR U</subfield></datafield><datafield ind1='1' ind2=' ' tag='100'><subfield code='a'>Watała, Cezary</subfield><subfield code='d'>(1959- )</subfield></datafield><datafield ind1='1' ind2='0' tag='245'><subfield code='a'>Biostatystyka :</subfield><subfield code='b'>wykorzystanie metod statystycznych w pracy badawczej w naukach biomedycznych /</subfield><subfield code='c'>Cezary Watała.</subfield></datafield><datafield ind1=' ' ind2=' ' tag='250'><subfield code='a'>Wyd. 2.</subfield></datafield><datafield ind1=' ' ind2=' ' tag='260'><subfield code='a'>Bielsko-Biała :</subfield><subfield code='b'>&quot;α-Medica Press&quot;,</subfield><subfield code='c'>cop. 2012.</subfield></datafield><datafield ind1=' ' ind2=' ' tag='300'><subfield code='a'>24 s. :</subfield><subfield code='b'>il. ;</subfield><subfield code='c'>24 cm +</subfield><subfield code='e'>1 dysk optyczny (CD-ROM).</subfield></datafield><datafield ind1=' ' ind2=' ' tag='336'><subfield code='a'>Tekst</subfield><subfield code='b'>txt</subfield><subfield code='2'>rdacontent</subfield></datafield><datafield ind1=' ' ind2=' ' tag='337'><subfield code='a'>Bez urządzenia pośredniczącego</subfield><subfield code='b'>n</subfield><subfield code='2'>rdamedia</subfield></datafield><datafield ind1=' ' ind2=' ' tag='337'><subfield code='a'>Komputer</subfield><subfield code='b'>c</subfield><subfield code='2'>rdamedia</subfield></datafield><datafield ind1=' ' ind2=' ' tag='338'><subfield code='a'>Wolumin</subfield><subfield code='b'>nc</subfield><subfield code='2'>rdacarrier</subfield></datafield><datafield ind1=' ' ind2=' ' tag='338'><subfield code='a'>Dysk komputerowy</subfield><subfield code='b'>cd</subfield><subfield code='2'>rdacarrier</subfield></datafield><datafield ind1=' ' ind2=' ' tag='380'><subfield code='a'>Książki</subfield></datafield><datafield ind1=' ' ind2=' ' tag='504'><subfield code='a'>Bibliogr. s. 17-18. Indeks.</subfield></datafield><datafield ind1=' ' ind2='2' tag='650'><subfield code='a'>Biostatystyka</subfield></datafield><datafield ind1=' ' ind2='7' tag='650'><subfield code='a'>Rachunek prawdopodobieństwa</subfield><subfield code='x'>stosowanie</subfield><subfield code='x'>biologia</subfield><subfield code='2'>JHP BN</subfield></datafield><datafield ind1=' ' ind2='7' tag='650'><subfield code='a'>Biologia</subfield><subfield code='x'>statystyka</subfield><subfield code='x'>metody</subfield><subfield code='2'>JHP BN</subfield></datafield><datafield ind1=' ' ind2='7' tag='655'><subfield code='a'>Dokumenty elektroniczne</subfield><subfield code='2'>JHP BN</subfield></datafield><datafield ind1=' ' ind2='7' tag='655'><subfield code='a'>Podręczniki</subfield><subfield code='2'>JHP BN</subfield></datafield><datafield ind1=' ' ind2=' ' tag='852'><subfield code='b'>48OMNIS_NETWORK</subfield><subfield code='8'>9912861282105606</subfield></datafield><datafield ind1=' ' ind2=' ' tag='852'><subfield code='b'>48OMNIS_UJA</subfield><subfield code='8'>991017058490405067</subfield></datafield><datafield ind1=' ' ind2=' ' tag='852'><subfield code='b'>48OMNIS_RAD</subfield><subfield code='8'>991000052419707910</subfield></datafield><datafield ind1=' ' ind2=' ' tag='852'><subfield code='8'>22682341840005067</subfield><subfield code='j'>1</subfield><subfield code='h'>QH323.5 CDR no.2 2012</subfield><subfield code='b'>BM_CM</subfield><subfield code='p'>1816229269</subfield><subfield code='c'>BM_CM_CZYT</subfield></datafield><datafield ind1=' ' ind2=' ' tag='920'><subfield code='a'>978-83-7522-072-8</subfield></datafield></record>
  </collection>
</resp>
